000 00556nam a22001697a 4500
005 20231110055825.0
008 231110b |||||||| |||| 00| 0 eng d
020 _a9780409060287 ; 9780409060294
041 _aEnglish
082 _a346.1 VAN
100 _aVan Niekerk, PA
_lEnglish
245 _aA Practical Guide to Patrimonial Litigation in Divorce Actions /
_cPA Van Niekerk
260 _aDurban :
_bLexisNexis (Pty) Ltd,
_c1999
300 _b68 pages ;
_c26 cm.
650 _aLegal practice
_bLaw
942 _cBK
_6ALISON_BN_VRIES
999 _c500
_d500